| 000 | 00598nam a2200193 a 4500 | ||
|---|---|---|---|
| 005 | 20140412111238.0 | ||
| 008 | 030411s19uu xx 00 eng d | ||
| 020 | _a0-8193-1001-8 | ||
| 050 |
_aTR(PS E _bPo81 |
||
| 100 | _aAsch, Frank | ||
| 245 |
_aPopcorn : _bbear story / _cFrank Asch. |
||
| 260 |
_aNew York : _bParent's Magazine Press. |
||
| 300 | _a1 v. (unp.) ; ill. | ||
| 520 | _aSam Bear invites his friends to an impromptu Halloween party and asks them to bring a treat. | ||
| 650 | _aPopcorn--Fiction | ||
| 650 | _aBears--Fiction | ||
| 650 | _aHalloween--Fiction | ||
| 999 |
_c102578 _d102578 |
||